|
|
|
|
| LEADER |
00000nab a2200000 a 4500 |
| 001 |
vtls008845725 |
| 003 |
SK-MaSNL |
| 005 |
20260305003840.0 |
| 008 |
060911 2006 xo r r 000 0 slo |
| 038 |
|
|
|a KEVKJB
|
| 040 |
|
|
|a KEVKJB
|b slo
|c KEVKJB
|e AACR2
|
| 041 |
0 |
|
|a slo
|
| 044 |
|
|
|a xo
|c SK
|
| 080 |
|
|
|a 785.1
|2 2001
|
| 100 |
1 |
|
|a Kiraľvargová, Dáša
|4 aut
|9 872583
|
| 245 |
1 |
0 |
|a Koncert zabezpečil kvalitný organ
|b Štátna filharmónia Košice vstupuje do 38. sezóny dirigentskými kurzami a medzinárodným festivalom
|c Dáša Kiraľvargová
|
| 300 |
|
|
|b Obr.
|
| 610 |
2 |
7 |
|a Štátna filharmónia Košice
|2 SNK
|9 56989
|
| 611 |
2 |
7 |
|a Medzinárodný organový festival Ivana Sokola
|n (36. :
|d 2006 :
|c Košice, Slovensko)
|2 kevkjb
|9 1537373
|
| 648 |
|
7 |
|a 2006/2007
|2 SNK
|9 696605
|
| 650 |
0 |
7 |
|a koncerty (organ)
|2 kevkjb
|9 75093
|
| 650 |
0 |
7 |
|a sezóny
|2 SNK
|9 58112
|
| 651 |
|
7 |
|a Košice (Slovensko)
|2 kevkjb
|9 18694
|
| 773 |
0 |
|
|t Košický večer
|g Roč. 17(38), č. 36 (8.9.2006), s. 4
|x 1336-5320
|
| 852 |
|
|
|a KEVKJB
|b KIS3GCP
|
| 999 |
|
|
|c 3232721
|d 3234651
|